000 00326nam a2200133 i 4500
001 bg
100 1 _aMCCRACKEN, Daniel D.
245 0 _aA Guide To Fortran IV Programming /
_cDaniel D. McCracken.
260 _aNew York,
_c1972.
040 _cBPK
041 _apol
942 _cKS
008 s pl f |000 0 pol
999 _c27158
_d27158
856 _uhttp://koha.tu.koszalin.pl/cgi-bin/koha/opac-detail.pl?biblionumber=27158
_yKatalog online BPK